Duše má být vždy dokořán /

Hlavní autor: Dickinson, Emily, 1830-1886
Další autoři: Klimentová, Eva, 1962-
Jazyk: Čeština
Vydáno: Praha : Garamond, 2017
Vydání: V tomto souboru vydání první
Témata:
Fyzický popis: 156 stran ; 16 cm
Knihy
Uloženo v:
LEADER 01491nam a2200421 i 4500
001 nkc20172955093
003 CZ PrNK
005 20180515094333.0
007 ta
008 171114s2017 xr g 000 p cze
015 |a cnb002955093 
020 |a 978-80-7407-350-2  |q (vázáno) 
035 |a (OCoLC)1022790305 
040 |a BOA001  |b cze  |e rda 
041 1 |a cze  |h eng 
072 7 |a 821.111(73)-1  |x Americká poezie  |2 Konspekt  |9 25 
080 |a 821.111(73)-1  |2 MRF 
080 |a (0:82-1)  |2 MRF 
080 |a (082.21)  |2 MRF 
100 1 |a Dickinson, Emily,  |d 1830-1886  |7 jn19992000162  |4 aut 
240 1 0 |a Complete poems of Emily Dickinson.  |l Česky 
245 1 0 |a Duše má být vždy dokořán /  |c Emily Dickinsonová ; z anglického originálu The complete poems of Emily Dickinson ... vybrala a přeložila Eva Klimentová 
250 |a V tomto souboru vydání první 
264 1 |a Praha :  |b Garamond,  |c 2017 
300 |a 156 stran ;  |c 16 cm 
336 |a text  |b txt  |2 rdacontent 
337 |a bez média  |b n  |2 rdamedia 
338 |a svazek  |b nc  |2 rdacarrier 
655 7 |a americká poezie  |7 fd131791  |2 czenas 
655 7 |a výbory  |7 fd133853  |2 czenas 
655 9 |a American poetry  |2 eczenas 
655 9 |a selected works  |2 eczenas 
700 1 |a Klimentová, Eva,  |d 1962-  |7 js20020304030  |4 com  |4 trl 
910 2 |a BOA001  |b 1-1398.098 
990 |a BK 
995 |a 01 
991 |b 201711  |c NOV 
996 6 |b 2610725667  |c 1-1398.098  |l MZK  |r Sklad / do 1 hodiny  |n 7  |p p.v.  |w 001640494  |u 000010  |a 1  |e BOA001  |j MZK50  |s P